The earth

Bibliographic Details
Main Author: Coote Roger
Format: Book
Published: England : Zigzag Publishing , 1998
Series:National curriculum key stage 2
Subjects:

MARC

LEADER 00000cam a2200000 7i4500
001 0000068885
005 20220105105417.0
008 161217
020 |a 1858331994 
020 |a 9781858331997 
090 0 0 |a GEO   |b ENG 
100 1 |a Coote Roger 
245 1 0 |a The earth   |c Roger Coote 
260 |a England :   |b Zigzag Publishing ,   |c 1998 
300 |a 32pg. :   |b Col.ill 
490 1 |a National curriculum key stage 2 
500 |a Children ages 7-9 years old (orange) 
650 0 |a Children's stories. English 
650 0 |a Earth   |x Juvenile literature 
999 |a 0000949299   |b Book   |c Children Collection   |e Cawangan Segamat